| 000 | 00613nam a2200193Ia 4500 | ||
|---|---|---|---|
| 003 | GCL | ||
| 008 | 140319s9999 xx 000 0 ara d | ||
| 040 |
_aGCL / _cGCL |
||
| 082 | 0 | 4 |
_a616.462 _bت د |
| 100 | 1 | _aتوماس، ماريا | |
| 245 | 1 | 0 |
_aكيف تتعايش مع مرض السكرى / _cتوماس، ماريا |
| 250 | _aالاولى | ||
| 260 |
_aالقاهرة : _bمكتبة جرير ، _c2002 |
||
| 300 |
_a530 ص ؛ _c20 سم |
||
| 650 | 0 | 4 | _aمرض السكر |
| 650 | 0 | 4 | _aمرض السكر - مضاعفات |
| 650 | 0 | 4 | _aمرض السكر - الجوانب الصحية |
| 942 |
_2ddc _cBK |
||
| 999 |
_c5065 _d5065 |
||